000 02000nam a2200457 i 4500
001 ebr10881601
003 CaPaEBR
006 m o d
007 cr cn|||||||||
008 140627s2014 enka ob 000 0 eng|d
020 _z9781780405971
020 _a9781780405988 (e-book)
040 _aCaPaEBR
_beng
_erda
_epn
_cCaPaEBR
035 _a(OCoLC)881235342
050 1 4 _aRA591
_b.F47 2014eb
082 0 4 _a613.287
_223
100 1 _aFerrante, M.,
_eauthor.
245 1 0 _aHealth effects of metals and related substances in drinking water /
_cauthors, Prof. M. Ferrante [and three others] ; coauthors, Giovanni Arena University of Catania, (IT).
264 1 _aLondon :
_bIWA Publishing,
_c2014.
300 _a1 online resource (150 pages) :
_billustrations.
336 _atext
_2rdacontent
337 _acomputer
_2rdamedia
338 _aonline resource
_2rdacarrier
490 1 _aMetals and related substances in drinking water: research report series
504 _aIncludes bibliographical references.
588 _aDescription based on online resource; title from PDF title page (ebrary, viewed June 27, 2014).
590 _aElectronic reproduction. Palo Alto, Calif. : ebrary, 2014. Available via World Wide Web. Access may be limited to ebrary affiliated libraries.
650 0 _aDrinking water
_xContamination.
650 0 _aDrinking water
_xLead content.
650 0 _aWater-supply
_xEnvironmental aspects.
650 0 _aWater resources development
_xEnvironmental aspects.
650 0 _aWater
_xPurification.
650 0 _aWater quality.
650 0 _aDrinking water.
650 0 _aWater
_xPollution
_xEnvironmental aspects.
655 0 _aElectronic books.
710 2 _aGiovanni Arena University of Catania, (IT),
_eissuing body.
797 2 _aebrary.
830 0 _aMetals and related subatances in drinking water series.
856 4 0 _uhttp://site.ebrary.com/lib/rucke/Doc?id=10881601
_zAn electronic book accessible through the World Wide Web; click to view
999 _c47396
_d47396